[Event "Reykjavik op"]
[Site "Reykjavik"]
[Date "2024.03.16"]
[Round "2"]
[White "Thorfinnsson, Bjorn"]
[Black "Moussard, Jules"]
[Result "1/2-1/2"]
[WhiteElo "2353"]
[BlackElo "2621"]
[PlyCount "88"]
[EventDate "2024.03.15"]
[EventType "swiss"]
[EventRounds "9"]
[EventCountry "ISL"]
[SourceTitle "CB13_2024"]
[SourceDate "2024.03.27"]
[SourceVersion "1"]
[SourceVersionDate "2024.03.27"]
[SourceQuality "1"]

1. d4 Nf6 2. Nf3 e6 3. Bg5 d5 4. e3 c5 5. c3 Nbd7 6. Nbd2 Qc7 7. Bd3 h6 8. Bh4 Bd6 9. Qe2 a6 10. a3 b5 11. b4 c4 12. Bc2 Bb7 13. e4 dxe4 14. Nxe4 Nxe4 15. Bxe4 Nb6 16. Nd2 Bd5 17. a4 Bxe4 18. Qxe4 0-0 19. a5 Nd5 20. Rc1 Nf4 21. 0-0 Nd3 22. Bg3 Nxc1 23. Rxc1 Rae8 24. Bxd6 Qxd6 25. f4 f6 26. Nf3 Qd5 27. Qg6 Qf5 28. Qxf5 exf5 29. Kf2 Re4 30. Re1 g5 31. g3 Kf7 32. Nd2 Rxe1 33. Kxe1 gxf4 34. gxf4 Rg8 35. Kf2 Rg4 36. h3 Rg8 37. Nf1 Ke6 38. Ne3 h5 39. h4 Rg6 40. Ng2 Rg8 41. Kf3 Kd5 42. Ne3+ Ke6 43. Ng2 Kd5 44. Ne3+ Ke6 1/2-1/2

[Event "EU-Cup 38th"]
[Site "Durres"]
[Date "2023.10.02"]
[Round "2.3"]
[White "Can, Emre"]
[Black "Thorfinnsson, Bjorn"]
[Result "1-0"]
[WhiteElo "2576"]
[BlackElo "2368"]
[PlyCount "79"]
[EventDate "2023.10.01"]
[EventType "team-swiss"]
[EventRounds "7"]
[EventCountry "ALB"]
[SourceTitle "EXT 2024"]
[Source "ChessBase"]
[SourceDate "2023.10.10"]
[SourceVersion "1"]
[SourceVersionDate "2023.10.10"]
[SourceQuality "1"]
[WhiteTeam "Gokturk"]
[BlackTeam "Viking CC"]
[WhiteTeamCountry "TUR"]
[BlackTeamCountry "ISL"]

1. d4 Nf6 2. c4 e6 3. Nf3 d5 4. g3 Bb4+ 5. Bd2 a5 6. Bg2 0-0 7. Qc1 c6 8. 0-0 Nbd7 9. Bf4 Be7 10. Rd1 b6 11. Ne5 Bb7 12. cxd5 cxd5 13. Nc6 Qe8 14. Nxe7+ Qxe7 15. Nc3 Rfc8 16. Qd2 Ne8 17. f3 Qb4 18. e4 Ndf6 19. Rac1 a4 20. a3 Qa5 21. e5 Nd7 22. Bg5 Rc7 23. f4 Rac8 24. f5 b5 25. fxe6 fxe6 26. Qf2 Nf8 27. Rf1 Ng6 28. h4 h6 29. h5 Nh8 30. Be7 Rd7 31. Bh3 Nc7 32. Bd6 Re8 33. Ne2 Nf7 34. Nf4 Ng5 35. Qc2 Qb6 36. Bxc7 Qxd4+ 37. Kh2 Qe3 38. Qd3 d4 39. Qxe3 dxe3 40. Bd6 1-0

[Event "Helsingor Kronborg"]
[Site "Helsingor"]
[Date "2023.05.19"]
[Round "5"]
[White "Pajeken, Jakob Leon"]
[Black "Thorfinnsson, Bjorn"]
[Result "1-0"]
[WhiteElo "2417"]
[BlackElo "2364"]
[PlyCount "41"]
[EventDate "2023.05.17"]
[EventType "tourn"]
[EventRounds "9"]
[EventCountry "DEN"]
[EventCategory "7"]
[SourceTitle "EXT 2024"]
[Source "ChessBase"]
[SourceDate "2023.10.10"]
[SourceVersion "1"]
[SourceVersionDate "2023.10.10"]
[SourceQuality "1"]

1. e4 e5 2. Nf3 Nc6 3. Bb5 a6 4. Ba4 Nf6 5. d3 b5 6. Bb3 Bc5 7. c3 d6 8. 0-0 h6 9. a4 Rb8 10. Re1 0-0 11. Nbd2 b4 12. Nc4 bxc3 13. bxc3 Be6 14. Ba2 Qc8 15. Be3 Bxe3 16. fxe3 Bxc4 17. Bxc4 Na5 18. Ba2 Rb2 19. Re2 Qb7 20. Nh4 Rb8 21. Rxb2 1-0

[Event "ISL-chT Kvika 2223"]
[Site "Reykjavik"]
[Date "2023.03.17"]
[Round "7.2"]
[White "Domalchuk Jonasson, Aleksandr"]
[Black "Thorfinnsson, Bjorn"]
[Result "1-0"]
[WhiteElo "2318"]
[BlackElo "2369"]
[PlyCount "67"]
[EventDate "2022.10.13"]
[EventType "team-tourn"]
[EventRounds "10"]
[EventCountry "ISL"]
[SourceTitle "CBM 213 Extra"]
[Source "ChessBase"]
[SourceDate "2023.05.31"]
[SourceVersion "1"]
[SourceVersionDate "2023.05.31"]
[SourceQuality "1"]
[WhiteTeam "Taflfelag Reykjavikur"]
[BlackTeam "Vikingaklubburinn"]
[WhiteTeamCountry "ISL"]
[BlackTeamCountry "ISL"]

1. Nf3 d5 2. g3 Nf6 3. Bg2 Bf5 4. d4 h6 5. c4 e6 6. Nc3 c6 7. Qb3 Qb6 8. c5 Qxb3 9. axb3 Na6 10. Ra4 Bc2 11. 0-0 Bxb3 12. Ra3 Bc2 13. Bf4 Nh5 14. Rfa1 Nxf4 15. gxf4 f6 16. e3 Kd7 17. Bf1 Nc7 18. Rxa7 Be7 19. b4 Rxa7 20. Rxa7 Ra8 21. Rxb7 Ra3 22. Ne2 Kc8 23. Rb6 Ba4 24. Ng3 Ra1 25. Kg2 g6 26. Nh4 g5 27. Ng6 Bd8 28. f5 exf5 29. Bd3 Kd7 30. Nxf5 Ra3 31. Be2 Ra2 32. Bg4 h5 33. Bxh5 Nb5 34. Be2 1-0

[Event "EU-ch Blitz"]
[Site "Katowice"]
[Date "2022.12.16"]
[Round "16"]
[White "Kubicka, Anna"]
[Black "Thorfinnsson, Bjorn"]
[Result "0-1"]
[WhiteElo "2217"]
[BlackElo "2374"]
[PlyCount "121"]
[EventDate "2022.12.16"]
[EventType "swiss (blitz)"]
[EventRounds "22"]
[EventCountry "POL"]
[SourceTitle "CBM 211 Extra"]
[Source "ChessBase"]
[SourceDate "2023.01.31"]
[SourceVersion "1"]
[SourceVersionDate "2023.01.31"]
[SourceQuality "1"]

1. e4 e5 2. Nf3 Nc6 3. Bb5 Nge7 4. Nc3 d6 5. 0-0 Bd7 6. h3 Ng6 7. d4 Be7 8. Nd5 0-0 9. Nxe7+ Qxe7 10. dxe5 dxe5 11. Bg5 f6 12. Be3 a6 13. Bc4+ Be6 14. Qe2 Rfd8 15. Rfd1 Qf7 16. Bb3 Nf8 17. Rxd8 Rxd8 18. Rd1 Rxd1+ 19. Qxd1 Bxb3 20. axb3 Ne6 21. Qd5 Qe7 22. c3 Kf7 23. b4 Qe8 24. Nd2 Qc8 25. Nf1 Ne7 26. Qc4 Qd7 27. Ng3 g6 28. Qe2 Qa4 29. h4 h5 30. Nf1 Qa1 31. Kh2 Qb1 32. Ng3 Nc8 33. Qd2 Nd6 34. Bc5 Ke7 35. Qh6 Nf4 36. Qh7+ Ke6 37. Qg8+ Kd7 38. Bxd6 cxd6 39. Qf7+ Kc6 40. Qe8+ Kc7 41. Qe7+ Kc6 42. Qe8+ Kb6 43. Qd8+ Kb5 44. Qd7+ Kc4 45. Qxb7 Qxb2 46. Qxa6+ Kxc3 47. Qc6+ Kb3 48. Qb6 Qd4 49. Qxd4 exd4 50. b5 Ne6 51. b6 Nc5 52. f4 d3 53. Nf1 Kc3 54. g4 Kd4 55. f5 gxf5 56. exf5 hxg4 57. h5 Ke4 58. h6 Kf3 59. h7 g3+ 60. Nxg3 d2 61. h8Q 0-1

[Event "EU-ch Blitz"]
[Site "Katowice"]
[Date "2022.12.16"]
[Round "11"]
[White "Thorfinnsson, Bjorn"]
[Black "Czernek, Tymon"]
[Result "1-0"]
[WhiteElo "2374"]
[BlackElo "2302"]
[PlyCount "73"]
[EventDate "2022.12.16"]
[EventType "swiss (blitz)"]
[EventRounds "22"]
[EventCountry "POL"]
[SourceTitle "CBM 211 Extra"]
[Source "ChessBase"]
[SourceDate "2023.01.31"]
[SourceVersion "1"]
[SourceVersionDate "2023.01.31"]
[SourceQuality "1"]

1. d4 Nf6 2. Nf3 e6 3. Bg5 d5 4. e3 Be7 5. Bd3 0-0 6. Nbd2 b6 7. c3 c5 8. Qc2 h6 9. h4 Bb7 10. Bxf6 Bxf6 11. g4 Be7 12. g5 Nd7 13. gxh6 gxh6 14. Bb5 Bd6 15. 0-0-0 f5 16. Rdg1+ Kh8 17. Rg6 Rf6 18. Rhg1 Rxg6 19. Rxg6 Nf8 20. Rg2 a6 21. Be2 Rc8 22. Qd1 Qf6 23. Qg1 Nh7 24. Rg6 Qf7 25. Rxh6 Be7 26. Ng5 Bxg5 27. hxg5 Rg8 28. f4 Kg7 29. Nf3 Kf8 30. Ne5 Qc7 31. Qh2 cxd4 32. exd4 Rg7 33. Bh5 Bc8 34. Bg6 Kg8 35. Qh5 b5 36. Bxh7+ Rxh7 37. Qe8+ 1-0

[Event "EU-ch Blitz"]
[Site "Katowice"]
[Date "2022.12.16"]
[Round "14"]
[White "Thorfinnsson, Bjorn"]
[Black "Keinanen, Toivo"]
[Result "0-1"]
[WhiteElo "2374"]
[BlackElo "2508"]
[PlyCount "60"]
[EventDate "2022.12.16"]
[EventType "swiss (blitz)"]
[EventRounds "22"]
[EventCountry "POL"]
[SourceTitle "CBM 211 Extra"]
[Source "ChessBase"]
[SourceDate "2023.01.31"]
[SourceVersion "1"]
[SourceVersionDate "2023.01.31"]
[SourceQuality "1"]

1. d4 d5 2. Nf3 Nf6 3. Bg5 Ne4 4. e3 Nxg5 5. Nxg5 e5 6. Nf3 e4 7. Nfd2 c6 8. c4 Be6 9. Nc3 a6 10. a4 Bb4 11. Qb3 a5 12. cxd5 cxd5 13. Bb5+ Nc6 14. 0-0 0-0 15. Rac1 Rc8 16. Ndb1 f5 17. Ne2 Bd6 18. g3 g5 19. Nbc3 Nb4 20. f3 exf3 21. Rxf3 Qe7 22. Nd1 Rxc1 23. Nxc1 f4 24. exf4 gxf4 25. gxf4 Bxf4 26. Ne2 Qg5+ 27. Kh1 Bg4 28. Rxf4 Rxf4 29. Nxf4 Qxf4 30. Qe3 Qf3+ 0-1

[Event "EU-ch Blitz"]
[Site "Katowice"]
[Date "2022.12.16"]
[Round "19"]
[White "Thorfinnsson, Bjorn"]
[Black "Sliwicka, Alicja"]
[Result "1-0"]
[WhiteElo "2374"]
[BlackElo "2284"]
[PlyCount "93"]
[EventDate "2022.12.16"]
[EventType "swiss (blitz)"]
[EventRounds "22"]
[EventCountry "POL"]
[SourceTitle "CBM 211 Extra"]
[Source "ChessBase"]
[SourceDate "2023.01.31"]
[SourceVersion "1"]
[SourceVersionDate "2023.01.31"]
[SourceQuality "1"]

1. d4 Nf6 2. Nf3 c5 3. c3 d5 4. Bg5 Ne4 5. Bf4 Nc6 6. e3 g6 7. Nbd2 Nxd2 8. Qxd2 cxd4 9. exd4 Bg7 10. Bd3 0-0 11. 0-0 Bg4 12. Ne1 Qd7 13. Nc2 Bf5 14. Rfe1 Rae8 15. Bg3 h5 16. h3 Kh7 17. Ne3 Be4 18. Bxe4 dxe4 19. d5 f5 20. Bf4 e5 21. Bg5 Nd8 22. Bxd8 Rxd8 23. Rad1 Bh6 24. Qe2 f4 25. Nc2 e3 26. f3 g5 27. Qd3+ Kg7 28. Qe4 Rde8 29. d6 g4 30. hxg4 hxg4 31. fxg4 f3 32. gxf3 Rf4 33. Qd5 e4 34. Nxe3 exf3 35. Nf5+ Kh7 36. Re7+ Rxe7 37. dxe7 Rxg4+ 38. Kf2 Qe8 39. Rh1 Rg6 40. Kxf3 Rf6 41. Rxh6+ Rxh6 42. Nxh6 Kxh6 43. Qxb7 Kg6 44. Qxa7 Kf7 45. Qd4 Qc6+ 46. Qe4 Qe8 47. Qf5+ 1-0

[Event "EU-Cup 37th"]
[Site "Mayrhofen"]
[Date "2022.10.03"]
[Round "1.1"]
[White "Thorfinnsson, Bjorn"]
[Black "Gukesh, Dommaraju"]
[Result "0-1"]
[WhiteElo "2365"]
[BlackElo "2732"]
[PlyCount "98"]
[EventDate "2022.10.03"]
[EventType "team-swiss"]
[EventRounds "7"]
[EventCountry "AUT"]
[SourceTitle "CBM 210 Extra"]
[Source "ChessBase"]
[SourceDate "2022.11.30"]
[SourceVersion "1"]
[SourceVersionDate "2022.11.30"]
[SourceQuality "1"]
[WhiteTeam "Viking CC"]
[BlackTeam "Superbet ASE"]
[WhiteTeamCountry "ISL"]
[BlackTeamCountry "ROU"]

1. d4 Nf6 2. Nf3 g6 3. Bg5 Bg7 4. e3 h6 5. Bh4 0-0 6. Bd3 d6 7. Nbd2 Qe8 8. c3 e5 9. Qc2 Nc6 10. 0-0 Nh5 11. dxe5 dxe5 12. e4 Nf4 13. Bc4 Na5 14. Rfd1 Nxc4 15. Nxc4 Bg4 16. Ne3 Bxf3 17. gxf3 Qe6 18. Bg3 Qh3 19. Qd2 h5 20. Bxf4 exf4 21. Ng2 Be5 22. Ne1 Rfe8 23. Qd7 Qh4 24. Rd3 Re7 25. Qa4 Bd6 26. Rd5 b6 27. Nd3 Rae8 28. Re1 Qh3 29. Qd1 Qe6 30. Qb3 c6 31. Rd4 Qf6 32. a4 Re6 33. Qc4 Kg7 34. b4 R8e7 35. Rd1 Qg5+ 36. Kf1 Qh4 37. Kg2 g5 38. Ne1 Be5 39. Rd7 g4 40. Rxe7 Rxe7 41. Rd3 Re6 42. Rd7 Qh3+ 43. Kh1 g3 44. fxg3 fxg3 45. Rd2 Rd6 46. Rg2 Rd1 47. Qe2 Rb1 48. Qd2 Kh7 49. f4 Bxf4 0-1

[Event "Reykjavik Kvika op"]
[Site "Reykjavik"]
[Date "2022.04.09"]
[Round "5"]
[White "Thorfinnsson, Bjorn"]
[Black "Mishra, Abhimanyu"]
[Result "0-1"]
[WhiteElo "2381"]
[BlackElo "2524"]
[PlyCount "95"]
[EventDate "2022.04.06"]
[EventType "swiss"]
[EventRounds "9"]
[EventCountry "ISL"]
[SourceTitle "CBM 207 Extra"]
[Source "ChessBase"]
[SourceDate "2022.05.31"]
[SourceVersion "1"]
[SourceVersionDate "2022.05.31"]
[SourceQuality "1"]

1. c4 c6 2. g3 d5 3. Qb3 Nf6 4. Bg2 e6 5. Nf3 Be7 6. 0-0 0-0 7. d4 Nbd7 8. Nc3 b6 9. e4 Ba6 10. exd5 cxd5 11. Nd2 Rc8 12. Nb5 dxc4 13. Nxc4 Nb8 14. Rd1 Nc6 15. Be3 Nd5 16. Rac1 Qd7 17. a4 Rfd8 18. Nc3 f6 19. Nb5 Ncb4 20. Nca3 Kh8 21. Bh3 f5 22. Bd2 Nc6 23. Nc2 Bb7 24. Bg2 Bf6 25. Ne3 Nxd4 26. Nxd4 Bxd4 27. Nxd5 Bxd5 28. Bxd5 Qxd5 29. Qxd5 exd5 30. Rxc8 Rxc8 31. Bc3 Bxc3 32. bxc3 Rd8 33. Rd4 Kg8 34. c4 Kf7 35. cxd5 Ke7 36. g4 fxg4 37. Rxg4 g6 38. Rh4 h5 39. Re4+ Kd6 40. Re6+ Kc5 41. Rc6+ Kb4 42. Rc7 Kxa4 43. Rxa7+ Kb5 44. Rg7 Rd6 45. Kg2 Kc4 46. Kf3 Kxd5 47. Kf4 b5 48. Rb7 0-1